[Event "Titled Tue 20th May Early"]
[Site "chess.com INT"]
[Date "2025.05.20"]
[Round "10"]
[White "Shevchenko, Yaroslav"]
[Black "Koridze, Lile"]
[Result "1-0"]
[BlackTitle "WFM"]
[WhiteElo "2137"]
[BlackElo "2110"]
[WhiteFideId "34144684"]
[BlackFideId "13612514"]
[EventDate "2025.05.20"]

1. e4 c5 2. Nf3 d6 3. Bb5+ Nd7 4. O-O a6 5. Bxd7+ Bxd7 6. c3 Nf6 7. Re1 g6 8. d4
cxd4 9. cxd4 Bg7 10. Nc3 O-O 11. e5 dxe5 12. dxe5 Ng4 13. Bg5 h6 14. Bf4 Qb6 15.
Qe2 g5 16. Bg3 f5 17. exf6 exf6 18. h3 Ne5 19. Nxe5 fxe5 20. Bxe5 Bxe5 21. Qxe5
Qxf2+ 22. Kh1 Bc6 23. Re2 Qh4 24. Qe6+ Kg7 25. Rd1 Rae8 26. Rd7+ Bxd7 27. Qxd7+
Rf7 28. Qd6 Rxe2 29. Nxe2 Qe1+ 30. Ng1 Qf2 31. Qe5+ Qf6 32. Qe4 Qxb2 33. Nf3 Qf6
34. Qd5 b5 35. Ne5 Re7 36. Nf3 Rc7 37. Qd2 Qa1+ 38. Kh2 Qc3 39. Qd6 Rf7 40. Ne5
Qc7 41. Qg6+ Kf8 42. Qxh6+ Rg7 43. Qh8+ Rg8 44. Qf6+ Ke8 45. Qe6+ Kf8 46. Kh1
Qc1+ 47. Kh2 Qf4+ 48. Kg1 Qe3+ 49. Kh1 Qc1+ 50. Kh2 Qc7 51. Kg3 Rg7 52. Kg4 1-0

[Event "Titled Tue 20th May Early"]
[Site "chess.com INT"]
[Date "2025.05.20"]
[Round "10"]
[White "Jovic, Stanoje"]
[Black "Lisenkov, Svyatoslav"]
[Result "1/2-1/2"]
[WhiteTitle "FM"]
[BlackTitle "CM"]
[WhiteElo "2096"]
[BlackElo "2241"]
[WhiteFideId "905020"]
[BlackFideId "34264183"]
[EventDate "2025.05.20"]

1. c4 Nf6 2. g3 g6 3. Bg2 Bg7 4. Nc3 O-O 5. Nf3 d6 6. O-O Nc6 7. d3 e5 8. Rb1 a5
9. a3 Re8 10. e4 Bg4 11. h3 Bxf3 12. Bxf3 Nd4 13. Bg2 c6 14. Be3 Nd7 15. b4 axb4
16. axb4 Ra3 17. Bxd4 exd4 18. Ne2 Qa8 19. Ra1 Ne5 20. Nf4 g5 21. Nh5 Rxa1 22.
Qxa1 Qxa1 23. Rxa1 Nxd3 24. Nxg7 Kxg7 25. Rd1 Nxb4 26. Rxd4 Re6 27. f4 gxf4 28.
gxf4 Na6 29. f5 Rf6 30. Kf2 Nc5 31. Ke3 Kf8 32. Bf3 Ke7 33. Rd1 Rh6 34. Bg4 Nd7
35. Rb1 b6 36. Kf4 d5 37. cxd5 cxd5 38. e5 Rc6 39. f6+ Ke8 40. Ra1 Rc4+ 41. Kf5
Kd8 42. Ra8+ Kc7 43. Ra7+ Kc6 44. e6 fxe6+ 45. Kxe6 Re4+ 46. Kf7 Ne5+ 47. Kg7
Nxg4 48. f7 Rf4 49. hxg4 Rxg4+ 50. Kxh7 Rf4 51. Kg6 d4 52. Ra8 Kd5 53. f8=Q Rxf8
54. Rxf8 Ke4 55. Re8+ Kf4 56. Rd8 Ke3 57. Re8+ Kf3 58. Rf8+ Ke3 59. Re8+ Kf3 60.
Rb8 d3 61. Rxb6 d2 62. Rd6 Ke2 63. Kf5 d1=Q 64. Rxd1 Kxd1 1/2-1/2

[Event "Titled Tue 20th May Early"]
[Site "chess.com INT"]
[Date "2025.05.20"]
[Round "10"]
[White "Bartakke, Amardeep S."]
[Black "Mohammed, Dilshad"]
[Result "0-1"]
[WhiteTitle "CM"]
[WhiteElo "2116"]
[BlackElo "2079"]
[WhiteFideId "5003288"]
[BlackFideId "5050421"]
[EventDate "2025.05.20"]

1. e4 d6 2. d4 Nf6 3. Nc3 g6 4. f4 Bg7 5. Nf3 O-O 6. Bd3 c5 7. d5 Qb6 8. Nd2 Ng4
9. Nc4 Qd8 10. a4 Bd4 11. Qf3 Bf2+ 12. Ke2 Bd4 13. h3 Nf6 14. Bd2 e6 15. Rhe1
exd5 16. exd5 Nh5 17. Kf1 Qh4 18. Ne2 Bg4 19. hxg4 Qh1+ 20. Ng1 Qxg1+ 21. Ke2
Re8+ 22. Be3 Nxf4+ 23. Qxf4 Qxg2+ 24. Kd1 Nd7 25. Bxd4 Rxe1+ 26. Kxe1 cxd4 27.
Nxd6 Qxd5 28. Bc4 Qe5+ 29. Qxe5 Nxe5 30. Bb3 b6 31. Kd2 Rd8 32. Ne4 d3 33. c3
Nxg4 34. Rg1 Ne5 35. Rf1 Kg7 36. Ng5 Rd7 37. Ne4 f5 38. Ng5 h6 39. Ne6+ Kf6 40.
Nf4 g5 41. Nh5+ Kg6 42. Ng3 f4 43. Ne4 a6 44. Be6 Re7 45. Bg4 Nc4+ 46. Kc1 Rxe4
47. b3 d2+ 0-1

[Event "Titled Tue 20th May Early"]
[Site "chess.com INT"]
[Date "2025.05.20"]
[Round "10"]
[White "Savitha, Shri B"]
[Black "Perez Rojas, Jorge"]
[Result "1-0"]
[WhiteTitle "IM"]
[BlackTitle "FM"]
[WhiteElo "2298"]
[BlackElo "2100"]
[WhiteFideId "35061887"]
[BlackFideId "3452093"]
[EventDate "2025.05.20"]

1. Nf3 d5 2. g3 Nf6 3. Bg2 e6 4. c4 Bd6 5. O-O c6 6. d4 dxc4 7. Nc3 b5 8. Ne5
Qb6 9. a4 Bb7 10. e4 Be7 11. Be3 Qd8 12. axb5 cxb5 13. Nxb5 O-O 14. Nc3 Nbd7 15.
Nxc4 Rc8 16. Rxa7 Bxe4 17. Nxe4 Rxc4 18. Qe2 Rb4 19. Rfa1 Nd5 20. Nc3 N7b6 21.
h4 h6 22. Nxd5 Nxd5 23. Bxd5 exd5 24. Bxh6 Bf6 25. Bf4 Rxd4 26. Bc7 Qc8 27. Bd6
Re8 28. Qf3 Qe6 29. Bf4 Rb4 30. R1a6 Qe4 31. Qxe4 dxe4 32. Rc6 Bd4 33. Ra2 Rxb2
34. Rxb2 Bxb2 35. Be3 Bf6 36. Kg2 Kf8 37. Kh3 Kg8 38. g4 Be5 39. g5 g6 40. Kg4
Kg7 41. Rc4 Bb8 42. Bd4+ Be5 43. Be3 Bb8 44. Rb4 Bd6 45. Rb5 Bc7 46. Bd4+ Kg8
47. Rb7 Bd6 48. Bf6 e3 49. fxe3 Rxe3 50. Rd7 Bf8 51. Rd8 Re4+ 52. Kf3 Re6 53.
Kf4 Re1 54. Bc3 Rf1+ 55. Ke3 Rh1 56. Bb4 Rxh4 57. Rxf8+ Kg7 58. Rb8 Rg4 59. Bc3+
Kh7 60. Rh8# 1-0

[Event "Titled Tue 20th May Early"]
[Site "chess.com INT"]
[Date "2025.05.20"]
[Round "10"]
[White "Burmakin, Evgeniy"]
[Black "Kawka, Milena"]
[Result "1-0"]
[WhiteTitle "FM"]
[BlackTitle "WCM"]
[WhiteElo "2110"]
[BlackElo "2004"]
[WhiteFideId "4163729"]
[BlackFideId "21095167"]
[EventDate "2025.05.20"]

1. e4 c5 2. Nf3 Nc6 3. Bb5 e6 4. Bxc6 bxc6 5. O-O Qc7 6. Re1 e5 7. d3 d6 8. Nbd2
Nf6 9. Nc4 g6 10. a3 Bg7 11. b4 cxb4 12. axb4 O-O 13. h3 Be6 14. Ne3 a5 15. Bd2
axb4 16. Bxb4 Rfb8 17. Qd2 d5 18. Rxa8 Rxa8 19. Nf1 c5 20. Bc3 d4 21. Bb2 Ra2
22. Rb1 Qb6 23. Qc1 Qc7 24. Ra1 Rxa1 25. Qxa1 h6 26. c3 c4 27. cxd4 exd4 28.
Bxd4 Ne8 29. Bxg7 Nxg7 30. d4 c3 31. d5 Bd7 32. Ne3 Ne8 33. Nd4 Nf6 34. Qb1 Qe5
35. Ne2 Nxe4 36. Qd3 Nf6 37. Qxc3 Qd6 38. Qd4 Be8 39. Nc3 Kg7 40. Ne4 Qe7 41. d6
Qd8 42. Nd5 Bc6 43. Qxf6+ Qxf6 44. Ndxf6 Bxe4 45. Nxe4 Kf8 46. Nc5 Ke8 47. f4
Kd8 48. Kf2 f6 49. Ke3 g5 50. fxg5 fxg5 51. Ke4 h5 52. Kd5 g4 53. h4 g3 54. Ke6
Ke8 55. d7+ Kd8 56. Nb7+ Kc7 57. d8=Q+ Kxb7 58. Qd6 Kc8 59. Qd7+ Kb8 60. Kd6 Ka8
61. Kc6 Kb8 62. Qb7# 1-0

[Event "Titled Tue 20th May Early"]
[Site "chess.com INT"]
[Date "2025.05.20"]
[Round "10"]
[White "Rose, Felix"]
[Black "Svetlov, Dmitry"]
[Result "0-1"]
[WhiteTitle "CM"]
[BlackTitle "IM"]
[WhiteElo "2093"]
[BlackElo "2335"]
[WhiteFideId "5105722"]
[BlackFideId "24102610"]
[EventDate "2025.05.20"]

1. e4 c5 2. Nf3 d6 3. d4 cxd4 4. Nxd4 Nf6 5. Nc3 Nc6 6. Bg5 Bd7 7. Qd2 h6 8.
Bxf6 gxf6 9. O-O-O a6 10. Be2 h5 11. Kb1 Qc7 12. Nd5 Qd8 13. f4 e6 14. Nc3 Be7
15. f5 Qc7 16. Rhf1 O-O-O 17. Nb3 Rdg8 18. g3 h4 19. g4 Ne5 20. h3 Kb8 21. a3
Rc8 22. Rc1 Bc6 23. Rfe1 Bf8 24. Rf1 Bh6 25. Qd4 Bxc1 26. Nxc1 Bd7 27. fxe6 Bxe6
28. Rxf6 Rcd8 29. Nb3 Bxb3 30. cxb3 Qc5 31. Qd2 Qg1+ 32. Ka2 Qg3 33. Rxd6 Nc6
34. Rxd8+ Rxd8 35. Qg5 Qxh3 36. Bc4 Qg3 37. Bd5 Rc8 38. Na4 h3 39. Nb6 Rc7 40.
Qg8+ Ka7 41. Nc8+ Rxc8 42. Qxc8 h2 43. Bxc6 bxc6 44. Qxc6 h1=Q 45. Qc5+ Kb7 46.
Qe7+ Qc7 47. Qb4+ Ka8 48. Qf8+ Ka7 49. Qb4 Qg1 50. g5 Qgc5 51. Qe1 Qxg5 52. Qf2+
Qgc5 53. Qf5 Q7e7 54. Qxc5+ Qxc5 55. a4 Qe5 56. a5 Qxe4 57. b4 f5 58. Ka3 f4 59.
Ka4 Qc6+ 60. Kb3 f3 61. b5 Qxb5+ 62. Ka2 f2 63. b4 f1=Q 64. Kb3 Qxb4+ 65. Kxb4
Qb5+ 66. Ka3 Qxa5+ 67. Kb2 Qb5+ 68. Ka2 Kb6 69. Ka3 Kc5 70. Ka2 Kc4 71. Ka3 Kc3
72. Ka2 Qb3+ 73. Ka1 Qb2# 0-1

[Event "Titled Tue 20th May Early"]
[Site "chess.com INT"]
[Date "2025.05.20"]
[Round "10"]
[White "Ramu, K."]
[Black "Aarit Kapil"]
[Result "0-1"]
[WhiteTitle "FM"]
[BlackTitle "CM"]
[WhiteElo "2151"]
[BlackElo "2098"]
[WhiteFideId "5006171"]
[BlackFideId "33408947"]
[EventDate "2025.05.20"]

1. e4 c5 2. Nf3 d6 3. d3 Nf6 4. g3 e5 5. Bg2 Nc6 6. O-O h5 7. h4 Be7 8. c3 Bg4
9. a3 Qd7 10. b4 Rc8 11. Bg5 Nd8 12. Nbd2 Ne6 13. Be3 g5 14. hxg5 Nh7 15. g6
fxg6 16. Qb3 h4 17. Nh2 Nf6 18. f3 Bh3 19. Bxh3 c4 20. Nxc4 hxg3 21. Nxd6+ Qxd6
22. Qxe6 gxh2+ 23. Kh1 Qxe6 24. Bxe6 Rxc3 25. Bc4 Nh5 26. Kg2 Rc2+ 27. Rf2 Rxf2+
28. Kxf2 Nf4 29. Rh1 Bh4+ 30. Kf1 Bg3 31. Bxf4 Bxf4 32. Kg2 Ke7 33. Bd5 Rc8 34.
Bc4 b5 35. Bxb5 Rc2+ 36. Kh3 Rf2 37. Bc4 Rxf3+ 38. Kg2 Re3 39. Rf1 g5 40. a4 g4
41. d4 Rg3+ 42. Kh1 Rc3 43. dxe5 Rxc4 44. Rxf4 g3 45. Rf1 Rc2 46. Rd1 Ke6 47. b5
Kxe5 48. a5 Kxe4 49. b6 axb6 50. axb6 Rb2 51. Re1+ Kf3 52. Rf1+ Kg4 53. Rc1 Kh3
54. b7 g2# 0-1

[Event "Titled Tue 20th May Early"]
[Site "chess.com INT"]
[Date "2025.05.20"]
[Round "10"]
[White "Azadaliyev, Jahandar"]
[Black "Wagh, Suyog"]
[Result "0-1"]
[WhiteTitle "FM"]
[BlackTitle "FM"]
[WhiteElo "2290"]
[BlackElo "2319"]
[WhiteFideId "13425811"]
[BlackFideId "25071688"]
[EventDate "2025.05.20"]

1. d4 Nf6 2. Nf3 g6 3. g3 Bg7 4. Bg2 O-O 5. O-O d6 6. c3 Nbd7 7. Nbd2 e5 8. e4
a5 9. Re1 a4 10. Nc4 b5 11. dxe5 bxc4 12. exf6 Bxf6 13. e5 dxe5 14. Nxe5 Nxe5
15. Qxd8 Rxd8 16. Bxa8 Nd3 17. Rf1 Bg4 18. Bc6 a3 19. bxa3 Bxc3 20. Rb1 Be2 21.
Bg5 f6 22. Be3 Bxf1 23. Kxf1 Bd4 24. Ke2 Bxe3 25. fxe3 c3 26. Ba4 Nb2 27. Bb3+
Kg7 28. Rc1 Rd2+ 29. Kf3 Rd3 30. a4 c5 31. a5 c4 32. Bc2 Rd5 33. Bb1 Na4 34. a6
Ra5 35. Bc2 Nb6 36. Bb1 Ra3 37. Ke4 Rxa6 38. Rxc3 Ra5 39. Kf3 f5 40. a3 Kf6 41.
Ba2 Rc5 42. a4 Ke5 43. h3 Kd5 44. g4 fxg4+ 45. hxg4 Nxa4 46. Rd3+ Kc6 47. Bxc4
Rxc4 48. e4 Nc5 49. Re3 Kd6 50. Kf4 Ne6+ 51. Kg3 Ke5 52. Ra3 Rxe4 53. Ra7 h6 54.
Ra5+ Kf6 55. Ra6 Re5 56. Kf3 Kg5 57. Kg3 Nf8 58. Ra8 Nd7 59. Ra7 Nf6 60. Ra3
Nxg4 61. Ra4 Nf6 62. Rb4 h5 63. Rb2 Re3+ 64. Kf2 Ng4+ 0-1

[Event "Titled Tue 20th May Early"]
[Site "chess.com INT"]
[Date "2025.05.20"]
[Round "10"]
[White "Wijerathna, Vinuka Dihain"]
[Black "Christie, Joshua"]
[Result "1-0"]
[WhiteTitle "CM"]
[BlackTitle "FM"]
[WhiteElo "2063"]
[BlackElo "2213"]
[WhiteFideId "29981905"]
[BlackFideId "7402074"]
[EventDate "2025.05.20"]

1. e4 e6 2. d4 d5 3. Nc3 Bb4 4. exd5 exd5 5. Bd3 Nf6 6. Bg5 O-O 7. Ne2 c6 8. O-O
Bg4 9. f3 Bh5 10. Nf4 Bg6 11. Nxg6 hxg6 12. f4 Qb6 13. Na4 Qxd4+ 14. Kh1 Bd6 15.
c3 Qe3 16. Rf3 Qe7 17. f5 b5 18. fxg6 fxg6 19. Bxg6 Nbd7 20. Qc2 Qe5 21. Bf4 Qe6
22. Re3 Ne4 23. Bxe4 dxe4 24. Rxe4 Qg6 25. Bxd6 Qxd6 26. Rd1 bxa4 27. Rh4 Qe5
28. Qh7+ Kf7 29. Rxd7+ Ke6 30. Rd1 Rf6 31. Re4 Raf8 32. Rxe5+ Kxe5 33. Re1+ Kd5
34. Qe4+ Kd6 35. Qd4+ Kc7 36. Qxa7+ Kc8 37. h3 R8f7 38. Qa8+ Kc7 39. Qxa4 Rf4
40. Re7+ Kd6 41. Qa3+ c5 42. Rxf7 Rxf7 43. Qa6+ Kd5 44. Qd3+ Ke5 45. Qe3+ Kd6
46. c4 Rf6 47. Qd3+ Kc7 48. Qd5 Kb6 49. Qe5 Rc6 50. Qxg7 Ka5 51. Qc3+ Kb6 52.
Qb3+ Kc7 53. Qb5 Kd6 54. Qxc6+ Kxc6 55. h4 Kd6 56. g4 Ke5 57. Kg2 Kd4 58. Kh3
Kd3 59. h5 Kc2 60. h6 Kc1 61. h7 1-0

[Event "Titled Tue 20th May Early"]
[Site "chess.com INT"]
[Date "2025.05.20"]
[Round "10"]
[White "Schnaider, Ilan"]
[Black "Puzyrevsky, Semyon"]
[Result "1-0"]
[WhiteTitle "IM"]
[BlackTitle "FM"]
[WhiteElo "2388"]
[BlackElo "2253"]
[WhiteFideId "169013"]
[BlackFideId "24240931"]
[EventDate "2025.05.20"]

1. e4 c5 2. Nf3 d6 3. Bb5+ Nd7 4. a4 Nf6 5. Nc3 g6 6. a5 Bg7 7. O-O O-O 8. Re1
Ne5 9. Nxe5 dxe5 10. d3 Bg4 11. f3 Bd7 12. Bc4 Nh5 13. Be3 Qc7 14. a6 b6 15. Qd2
Kh8 16. Nd5 Qd6 17. b4 cxb4 18. Qxb4 Rac8 19. Qxd6 exd6 20. Reb1 f5 21. Bd2 Nf6
22. Bb4 Nxd5 23. Bxd5 Rxc2 24. Bxd6 Rfc8 25. Bb7 Rd8 26. Rc1 Rxc1+ 27. Rxc1 Bb5
28. Bc7 Rxd3 29. Bb8 Bf6 30. Ra1 Rd7 31. Rb1 Bc4 32. Rc1 Bb5 33. Rc8+ Kg7 34.
Rc7 Rxc7 35. Bxc7 Kf7 36. Kf2 fxe4 37. fxe4 Ke6 38. Bc8+ Bd7 39. Bb7 Bb5 40. Kf3
Kd7 41. Bb8 Bc4 42. Ke3 Bg5+ 43. Kf2 Bh4+ 44. g3 Be7 45. Bxe5 Bc5+ 46. Kf3 b5
47. Kf4 b4 48. Kf3 b3 49. Bb2 Kc7 50. e5 Kb6 51. e6 Bxe6 52. Ke4 Bc4 53. Ke5
Bxa6 54. Bd5 Bb5 55. Bxb3 Bg1 56. h3 1-0

[Event "Titled Tue 20th May Early"]
[Site "chess.com INT"]
[Date "2025.05.20"]
[Round "10"]
[White "Logachiov, Aleksandr"]
[Black "Fishman, Albert"]
[Result "1-0"]
[WhiteTitle "CM"]
[WhiteElo "2129"]
[BlackElo "2149"]
[WhiteFideId "24123706"]
[BlackFideId "2090597"]
[EventDate "2025.05.20"]

1. d4 g6 2. e4 Bg7 3. Be3 c5 4. Nc3 Nc6 5. d5 Nd4 6. Nge2 e5 7. dxe6 dxe6 8. Ng3
Ne7 9. h4 Nec6 10. h5 O-O 11. Bd3 Nb4 12. hxg6 fxg6 13. a3 Nxd3+ 14. Qxd3 Bd7
15. O-O-O Bc6 16. Qc4 Qe7 17. Kb1 b5 18. Qa2 a5 19. Nce2 Nxe2 20. Nxe2 Bxe4 21.
f3 Bc6 22. Qb3 c4 23. Qa2 Bd5 24. Bd4 b4 25. Bxg7 b3 26. Qa1 Qxg7 27. Nc3 Rfd8
28. Rd2 Ra7 29. Kc1 Rad7 30. Qb1 Qe5 31. Rhd1 Qg5 32. cxb3 cxb3 33. Qd3 Bc4 34.
Ne4 Qxd2+ 35. Qxd2 Rxd2 36. Rxd2 Rxd2 37. Kxd2 Bd5 38. Nc5 h5 39. Kc3 h4 40.
Nxb3 h3 41. gxh3 Be4 42. fxe4 Kf7 43. Nc5 Kf6 44. Kd4 Kg5 45. Nxe6+ Kh4 46. Nf4
g5 47. Nd3 Kxh3 48. e5 g4 49. Nf2+ Kg3 50. Nxg4 Kxg4 51. e6 Kf5 52. e7 Ke6 53.
e8=Q+ Kd6 54. Qb5 a4 55. Qa5 Ke6 56. Qb4 Kf5 57. Qxa4 Kf4 58. Qb4 Kf3 59. a4 Ke2
60. a5 Kd1 61. a6 Kc1 62. a7 Kb1 63. a8=Q Kc2 64. Qe4+ Kc1 65. Qbe1+ Kxb2 66.
Qc3+ Ka2 67. Qec2# 1-0

[Event "Titled Tue 20th May Early"]
[Site "chess.com INT"]
[Date "2025.05.20"]
[Round "10"]
[White "Sjugirov, Sanan"]
[Black "Papaioannou, Dimitrios"]
[Result "1-0"]
[WhiteTitle "GM"]
[BlackTitle "CM"]
[WhiteElo "2638"]
[BlackElo "2200"]
[WhiteFideId "4189302"]
[BlackFideId "25865137"]
[EventDate "2025.05.20"]

1. d4 Nf6 2. c4 g6 3. Nc3 Bg7 4. e4 d6 5. f3 O-O 6. Nge2 c5 7. d5 e6 8. Ng3 exd5
9. cxd5 a6 10. a4 Nbd7 11. Be2 Qc7 12. O-O c4 13. Be3 Rb8 14. a5 Nc5 15. Kh1 b5
16. axb6 Rxb6 17. Ra2 Rb4 18. Qc2 Nfd7 19. f4 Re8 20. f5 Ne5 21. f6 Bh8 22. Qd2
Ncd7 23. Bg5 Qd8 24. Qf4 h6 25. Bxh6 Qxf6 26. Qd2 Qe7 27. Bg5 Qf8 28. h4 Nc5 29.
h5 Qg7 30. Bf6 Qxf6 31. Rxf6 Bxf6 32. Qf4 Bg7 33. h6 Bh8 34. Nf1 Ncd3 35. Bxd3
cxd3 36. Nd2 Bb7 37. Qe3 Bf6 38. Qf4 Bh8 39. Qf2 Ng4 40. h7+ Kf8 41. Qf4 Ne5 42.
Qh6+ Ke7 43. b3 Bf6 44. Nd1 Rh8 45. Ne3 Rb5 46. Ra1 Rc5 47. Rf1 Bc8 48. Kg1 Bd7
49. Qf4 Bg7 50. Nec4 Rxh7 51. Qf2 f5 52. exf5 Ng4 53. Re1+ Kd8 54. Qf4 gxf5 55.
Nxd6 Bf6 56. Nb7+ Kc8 57. Nxc5 Bh4 58. g3 Bf6 59. Nxd7 Rxd7 60. Rc1+ Kb7 61.
Qb4+ Ka7 62. Rc6 Be5 63. Qb6+ Ka8 64. Rc8+ 1-0

[Event "Titled Tue 20th May Early"]
[Site "chess.com INT"]
[Date "2025.05.20"]
[Round "10"]
[White "Shandrygin, Nikita"]
[Black "Rustemov, Alexander"]
[Result "1-0"]
[WhiteTitle "FM"]
[BlackTitle "GM"]
[WhiteElo "2209"]
[BlackElo "2525"]
[WhiteFideId "24198668"]
[BlackFideId "4119002"]
[EventDate "2025.05.20"]

1. e4 e6 2. d4 d5 3. Nd2 dxe4 4. Nxe4 Bd7 5. c4 Bb4+ 6. Nc3 c5 7. Nf3 Nf6 8. Bd3
cxd4 9. Nxd4 Nc6 10. Be3 Nxd4 11. Bxd4 Bc6 12. Be2 O-O 13. O-O Be7 14. Rc1 b6
15. Qd2 Qc7 16. Rfd1 Rfd8 17. Qg5 h6 18. Qg3 Qxg3 19. hxg3 Nd7 20. Bf3 Bxf3 21.
gxf3 Bf6 22. Bxf6 Nxf6 23. Nb5 a6 24. Nc3 Rac8 25. Rxd8+ Rxd8 26. Na4 Rd6 27. b4
Nd7 28. Kf1 Kf8 29. Ke2 Ke7 30. a3 h5 31. f4 Rc6 32. Kd2 f6 33. Nb2 g6 34. Nd3
Kd6 35. Ke3 e5 36. Nb2 Ke6 37. Nd3 Kf5 38. fxe5 Nxe5 39. Nxe5 Kxe5 40. Kd3 Rd6+
41. Kc3 Rc6 42. Re1+ Kd6 43. Kd4 Kd7 44. c5 bxc5+ 45. bxc5 Rc8 46. Kd5 Rd8 47.
c6+ Kc7+ 48. Kc5 Rd2 49. Re7+ Kc8 50. Kb6 Rb2+ 51. Kxa6 Rxf2 52. a4 Rf3 53. Kb6
Rb3+ 54. Kc5 Rxg3 55. a5 Ra3 56. Kb6 Rb3+ 57. Kc5 Ra3 58. a6 Ra1 59. a7 Rc1+ 60.
Kd5 Rd1+ 61. Ke6 Ra1 62. Re8+ 1-0

[Event "Titled Tue 20th May Early"]
[Site "chess.com INT"]
[Date "2025.05.20"]
[Round "10"]
[White "Ristic, Nebojsa M"]
[Black "Tran, Vo Quoc Bao"]
[Result "0-1"]
[WhiteTitle "IM"]
[WhiteElo "2248"]
[BlackElo "2096"]
[WhiteFideId "900850"]
[BlackFideId "12425184"]
[EventDate "2025.05.20"]

1. d4 d5 2. Bf4 e6 3. e3 c5 4. Nf3 Qb6 5. Nc3 Nf6 6. Nb5 Na6 7. c3 Bd7 8. a4 c4
9. b3 cxb3 10. Qxb3 Rc8 11. Ne5 Qa5 12. Nxd7 Nxd7 13. Kd2 Be7 14. Bd6 Nf6 15.
Bxe7 Ne4+ 16. Kc2 Kxe7 17. f3 Nd6 18. Nxd6 Kxd6 19. Kb2 Kc7 20. Bd3 Kb8 21. Rhc1
Rc7 22. c4 dxc4 23. Rxc4 Qd2+ 24. Ka3 Rxc4 25. Bxc4 Rc8 26. Ra2 Qc1+ 27. Rb2 b6
28. Bxa6 Rc3 29. Ka2 Rxb3 30. Kxb3 Qxe3+ 31. Kc4 Qc1+ 32. Kb3 Qg1 33. Rc2 Qb1+
34. Rb2 Qd1+ 35. Rc2 Qb1+ 36. Kc3 Kc7 37. Kd2+ Kd6 38. Bb5 Qb4+ 39. Ke3 Ke7 40.
Rc7+ Kf6 41. Rxa7 Qc3+ 42. Bd3 Qe1+ 43. Be2 Qg1+ 44. Kd3 Qxh2 45. Rb7 Qd6 46.
Ke3 Qa3+ 47. Bd3 Qb4 48. g4 h6 49. f4 g5 50. fxg5+ hxg5 51. Ke4 Qxa4 52. Rxb6
Qd1 53. Ke3 Qxg4 54. Be2 Qf4+ 55. Kd3 g4 56. Rb5 g3 57. Rb1 g2 58. Rg1 Qf2 59.
Rd1 g1=Q 60. Rxg1 Qxg1 61. Kd2 Qxd4+ 62. Bd3 Ke5 63. Ke2 f5 64. Bc2 f4 0-1

[Event "Titled Tue 20th May Early"]
[Site "chess.com INT"]
[Date "2025.05.20"]
[Round "10"]
[White "Khazhatuly, Alikhan"]
[Black "Souleidis, Georgios"]
[Result "0-1"]
[WhiteTitle "CM"]
[BlackTitle "IM"]
[WhiteElo "2196"]
[BlackElo "2418"]
[WhiteFideId "13731335"]
[BlackFideId "4206827"]
[EventDate "2025.05.20"]

1. e4 c5 2. d4 cxd4 3. c3 d5 4. exd5 Nf6 5. cxd4 Nxd5 6. Nf3 e6 7. Bd3 Be7 8.
O-O O-O 9. Nc3 Nxc3 10. bxc3 Qc7 11. Qc2 h6 12. c4 Nd7 13. Be3 b6 14. Qd2 Bb7
15. Bxh6 Bxf3 16. gxf3 Bf6 17. Kh1 Rfd8 18. Rg1 g6 19. Rae1 Nf8 20. Bxf8 Kxf8
21. Bxg6 Rxd4 22. Qh6+ Bg7 23. Qh7 fxg6 24. Rxe6 Qf7 25. Rexg6 Qxf3+ 26. R6g2
Rd7 27. Qg6 Re8 28. h4 Qh3+ 29. Rh2 Qf3+ 30. Rhg2 Re5 31. Kh2 Rf7 32. Rg3 Qxf2+
33. R1g2 Qf4 34. Kh3 Qf5+ 35. Qxf5 Rexf5 36. Rd2 Rf3 37. Rd8+ Ke7 38. Ra8 Rxg3+
39. Kxg3 Ke6 40. Kg4 Be5 41. h5 Rf4+ 42. Kg5 Rxc4 43. Rxa7 Rc1 44. h6 Rg1+ 45.
Kh4 Rh1+ 46. Kg4 Rxh6 47. Ra6 Bd4 48. a4 Rg6+ 49. Kf4 Kd5 50. a5 Rf6+ 51. Kg5
Rf1 52. axb6 Rg1+ 53. Kf4 Rf1+ 54. Kg3 Rb1 55. Ra5+ Ke4 56. b7 Rxb7 57. Rg5 Rb1
58. Kh2 Be5+ 59. Kg2 Bf4 60. Rg8 Rb2+ 61. Kg1 Kf3 62. Rg7 Rb1# 0-1

[Event "Titled Tue 20th May Early"]
[Site "chess.com INT"]
[Date "2025.05.20"]
[Round "10"]
[White "Can, Melih Kaan"]
[Black "Neustroev, Victor"]
[Result "0-1"]
[WhiteTitle "CM"]
[BlackTitle "FM"]
[WhiteElo "2171"]
[BlackElo "2283"]
[WhiteFideId "6317383"]
[BlackFideId "4144147"]
[EventDate "2025.05.20"]

1. e4 c5 2. Nc3 e6 3. Nge2 a6 4. g3 Nc6 5. Bg2 Qc7 6. O-O Nf6 7. d4 cxd4 8. Nxd4
Be7 9. h3 O-O 10. Bf4 e5 11. Nxc6 dxc6 12. Be3 Be6 13. Kh2 Bc4 14. Re1 Rad8 15.
Qf3 b5 16. Rad1 a5 17. b3 Be6 18. Ne2 Rxd1 19. Rxd1 Rd8 20. Rxd8+ Qxd8 21. g4
Nd7 22. Ng3 g6 23. Qe2 Nc5 24. Qe1 a4 25. Bf1 axb3 26. cxb3 Nd3 27. Bxd3 Qxd3
28. Qa5 Kg7 29. Qc7 Qd6 30. Qb6 Bd8 31. Qc5 Be7 32. Qb6 Bd7 33. a4 bxa4 34. bxa4
c5 35. Qxd6 Bxd6 36. a5 Bb5 37. Kg2 Kf6 38. Nf1 c4 39. Bb6 c3 40. Ne3 Ke6 41.
Kf3 Kd7 42. h4 Kc6 43. h5 Bc5 44. Bxc5 Kxc5 45. hxg6 hxg6 46. Kg3 Bd3 47. f4 c2
48. Nxc2 Bxc2 49. fxe5 Bxe4 50. Kf4 Bd5 51. Kg5 Be6 52. a6 Kb6 53. Kf6 Kxa6 54.
g5 Kb5 55. Ke7 Kc4 56. Kd6 Kd4 57. Ke7 Kxe5 58. Kf8 Kf5 59. Kg7 Kxg5 60. Kh7 Kh5
61. Kg7 g5 62. Kh7 g4 63. Kg7 g3 64. Kh7 g2 65. Kg7 g1=Q+ 66. Kh7 Qg6+ 67. Kh8
Qf6+ 68. Kg8 Bf5 69. Kf8 Kg6 70. Ke8 Qe6+ 71. Kf8 Qc8+ 72. Ke7 Qc7+ 73. Ke8 f6
74. Kf8 Qf7# 0-1

[Event "Titled Tue 20th May Early"]
[Site "chess.com INT"]
[Date "2025.05.20"]
[Round "10"]
[White "Shafer, Logan C"]
[Black "Sharshenbekov, Emir"]
[Result "0-1"]
[WhiteTitle "CM"]
[BlackTitle "CM"]
[WhiteElo "2291"]
[BlackElo "2091"]
[WhiteFideId "30993342"]
[BlackFideId "13810634"]
[EventDate "2025.05.20"]

1. d4 Nf6 2. c4 g6 3. Nc3 d5 4. Nf3 Bg7 5. Qb3 dxc4 6. Qxc4 c6 7. e4 b5 8. Qb3
a5 9. Be2 b4 10. e5 Be6 11. Bc4 Nd5 12. Ne4 a4 13. Qd1 Nc7 14. Qd3 Bxc4 15. Qxc4
Qd5 16. Qxd5 cxd5 17. Nc5 Nd7 18. Nd3 Rb8 19. Bd2 b3 20. axb3 axb3 21. Ke2 Nb6
22. Nc5 Nc4 23. Bc3 O-O 24. Nd7 Nb5 25. Nxf8 Bxf8 26. Kd3 e6 27. Nd2 Nxc3 28.
bxc3 b2 29. Rab1 Na3 30. Rbd1 Be7 31. Nb1 Nc4 32. Nd2 Na3 33. Nb1 Nc4 34. Kc2 f6
35. f4 fxe5 36. fxe5 Ne3+ 37. Kd3 Nxd1 38. Rxd1 Bg5 39. Kc2 Bc1 40. Na3 Rf8 41.
c4 dxc4 42. Nxc4 Rc8 43. d5 Rxc4+ 44. Kb1 exd5 45. Rxd5 Re4 46. Kc2 Kf7 47. Rb5
Rc4+ 48. Kd3 Ra4 49. Rb6 Ra5 50. e6+ Ke7 51. Kc3 Ra1 52. Kc2 b1=Q+ 53. Rxb1 Rxb1
54. Kxb1 Bf4 55. Kc2 Bxh2 56. Kd3 Kxe6 57. Ke4 Kf6 58. Kf3 Be5 59. Kg4 g5 60.
Kh5 Kf5 61. Kh6 g4 62. Kh5 Bf4 63. Kh4 g3 64. Kh3 Ke4 65. Kg4 Ke3 66. Kh4 Kf2
67. Kh3 h5 68. Kh4 Kxg2 69. Kxh5 Kf3 70. Kh4 g2 71. Kh3 g1=Q 72. Kh4 Qg4# 0-1